[Event "Miguel Najdorf Memorial 2010 Torneo B"]
[Site "Warszawa POL"]
[Date "2010.07.24"]
[Round "9.5"]
[White "Blank, Kamil"]
[Black "Stodolnik, Alicja"]
[Result "0-1"]
[WhiteElo "1663"]
[BlackElo "1803"]
[PlyCount "70"]
[EventDate "2010.07.17"]
[EventType "swiss"]
[EventRounds "9"]
[EventCountry "POL"]
[Source "lmi"]
[SourceDate "2010.07.17"]

1. e4 c5 2. Nf3 e6 3. d4 cxd4 4. Nxd4 d6 5. Nc3 Nf6 6. Be3 a6 7. a4 Nc6 8. Be2
Bd7 9. O-O Be7 10. f3 O-O 11. Nb3 Na5 12. Nxa5 Qxa5 13. Bc4 Rac8 14. Bb3 Bc6
15. Qd2 Qc7 16. a5 Nd7 17. Rfc1 Nc5 18. Ba2 Rfd8 19. Qf2 b5 20. b4 Nd7 21. Ne2
Qb7 22. Nd4 Ne5 23. Nxc6 Rxc6 24. Qg3 Rdc8 25. Bb3 Nc4 26. Bh6 Qa7+ 27. Kh1 Bf6
28. Ra2 Qd4 29. c3 Ne3 30. Rac2 Rxc3 31. Rxc3 Rxc3 32. Rxc3 Qxc3 33. Bxe3 Qxe3
34. Bd1 Bd4 35. Qxg7+ Kxg7 0-1

[Event "Miguel Najdorf Memorial 2010 Torneo B"]
[Site "Warszawa POL"]
[Date "2010.07.24"]
[Round "9.6"]
[White "Budzinski, Jan"]
[Black "Rozowski, Marcin"]
[Result "1/2-1/2"]
[WhiteElo "1881"]
[BlackElo "1890"]
[PlyCount "67"]
[EventDate "2010.07.17"]
[EventType "swiss"]
[EventRounds "9"]
[EventCountry "POL"]
[Source "lmi"]
[SourceDate "2010.07.17"]

1. e4 c6 2. d4 d5 3. Nc3 dxe4 4. Nxe4 Nd7 5. Nf3 Ngf6 6. Nxf6+ Nxf6 7. Bc4 e6
8. O-O Be7 9. c3 O-O 10. Qe2 Qc7 11. Bg5 Nd5 12. Bxe7 Qxe7 13. Ne5 Qc7 14. Nd3
Nf4 15. Nxf4 Qxf4 16. Rfe1 b6 17. Qe3 Qxe3 18. Rxe3 Bb7 19. Rd1 Rfd8 20. Red3
a5 21. R3d2 Rd6 22. f3 a4 23. Kf2 Ba6 24. Bxa6 Rxa6 25. Ke3 Kf8 26. Ke4 Ke7 27.
f4 Ra5 28. Rd3 Rh5 29. Rh1 Rd7 30. h4 Rb5 31. Rb1 h5 32. Rg3 g6 33. Rd3 Kf6 34.
g3 1/2-1/2

[Event "Miguel Najdorf Memorial 2010 Torneo B"]
[Site "Warszawa POL"]
[Date "2010.07.24"]
[Round "9.7"]
[White "Jarmula, Pawel"]
[Black "Jarmula, Lukasz"]
[Result "1-0"]
[WhiteElo "1971"]
[BlackElo "1801"]
[PlyCount "105"]
[EventDate "2010.07.17"]
[EventType "swiss"]
[EventRounds "9"]
[EventCountry "POL"]
[Source "lmi"]
[SourceDate "2010.07.17"]

1. e4 Nc6 2. Nf3 d5 3. exd5 Qxd5 4. Nc3 Qa5 5. d4 Bg4 6. Be2 O-O-O 7. Be3 Nf6
8. O-O e5 9. Ng5 Bxe2 10. Qxe2 exd4 11. Nxf7 Bd6 12. Nxh8 Rxh8 13. Nb5 dxe3 14.
Nxd6+ cxd6 15. Qxe3 Re8 16. Qd3 d5 17. a3 Kb8 18. b4 Qc7 19. Rfe1 Ne5 20. Qf5
Ne4 21. Re2 g6 22. Qh3 Ng5 23. Qh6 Qc4 24. Re3 d4 25. Rxe5 Rxe5 26. f4 Rf5 27.
fxg5 Qc3 28. Rd1 Qe3+ 29. Kh1 Qe2 30. Rg1 Qxc2 31. Qxh7 d3 32. Re1 a6 33. Qh8+
Qc8 34. Qd4 Qc6 35. Qxd3 Rd5 36. Qe3 Qc4 37. Qb6 Qc6 38. Qxc6 bxc6 39. g3 Rxg5
40. Re6 Kb7 41. Kg2 Kb6 42. h4 Rg4 43. Kh3 Rc4 44. Rxg6 Rc1 45. h5 Kb5 46. h6
Ka4 47. Kg4 Kxa3 48. Rg5 Rc4+ 49. Kh5 Rc1 50. Kg6 Rd1 51. h7 Rd8 52. Kh6 Rh8
53. Rg8 1-0

[Event "Miguel Najdorf Memorial 2010 Torneo B"]
[Site "Warszawa POL"]
[Date "2010.07.24"]
[Round "9.8"]
[White "Dobrowolski, Marcin"]
[Black "Puszkarek, Kamil"]
[Result "1/2-1/2"]
[WhiteElo "1964"]
[BlackElo "1770"]
[PlyCount "88"]
[EventDate "2010.07.17"]
[EventType "swiss"]
[EventRounds "9"]
[EventCountry "POL"]
[Source "lmi"]
[SourceDate "2010.07.17"]

1. d4 Nf6 2. c4 e6 3. Nf3 b6 4. a3 Bb7 5. Nc3 Be7 6. Bg5 O-O 7. e3 d6 8. Bd3
Nbd7 9. O-O h6 10. Bh4 Kh8 11. Nd2 c5 12. f3 cxd4 13. exd4 Nh5 14. Bf2 Nf4 15.
Bc2 f5 16. Ne2 g5 17. Nxf4 gxf4 18. Re1 e5 19. Qb1 exd4 20. Bxf5 Bf6 21. Nb3
Ne5 22. Nxd4 Rg8 23. Qd1 Qc7 24. Kh1 Qg7 25. Rg1 Qg5 26. g4 fxg3 27. Rxg3 Bxf3+
28. Nxf3 Qxf5 29. Kg2 Nxc4 30. Qc1 Rxg3+ 31. Bxg3 Ne5 32. Qxh6+ Kg8 33. Rf1 Ng4
34. Qd2 Re8 35. Re1 Rxe1 36. Qxe1 Qc2+ 37. Qd2 Qxb2 38. Qxb2 Bxb2 39. Bxd6 Ne3+
40. Kf2 Nc4 41. Bb8 a5 42. a4 Ba3 43. Be5 Bc5+ 44. Ke2 Kf7 1/2-1/2

[Event "Miguel Najdorf Memorial 2010 Torneo B"]
[Site "Warszawa POL"]
[Date "2010.07.24"]
[Round "9.9"]
[White "Januszkiewicz, Wojciech"]
[Black "Szwaj, Jacek"]
[Result "0-1"]
[WhiteElo "1692"]
[BlackElo "1944"]
[PlyCount "90"]
[EventDate "2010.07.17"]
[EventType "swiss"]
[EventRounds "9"]
[EventCountry "POL"]
[Source "lmi"]
[SourceDate "2010.07.17"]

1. e4 c5 2. Nf3 d6 3. d4 cxd4 4. Nxd4 Nf6 5. Nc3 a6 6. Bg5 Nbd7 7. f4 b5 8. Qf3
Bb7 9. Bd3 Qb6 10. Bxf6 Nxf6 11. O-O-O g6 12. Rhe1 Bg7 13. Qe2 O-O 14. Nf3 Qa5
15. e5 dxe5 16. fxe5 b4 17. exf6 Bh6+ 18. Kb1 bxc3 19. Qxe7 Qb6 20. Qa3 Bxf3
21. gxf3 Qxf6 22. Qe7 Qb6 23. Qa3 Bg7 24. Bc4 Rfd8 25. Qb3 Qf6 26. Rxd8+ Rxd8
27. Qb7 Qf4 28. a4 Qxc4 29. Qb6 Qh4 30. Re4 Qf6 31. Qxf6 Bxf6 32. bxc3 Bxc3 33.
Rc4 Be1 34. Rc6 a5 35. c4 Rd4 36. Kb2 Rd2+ 37. Kb3 Rxh2 38. Rc8+ Kg7 39. c5 Rh3
40. c6 Rxf3+ 41. Kc4 Rc3+ 42. Kd4 Rc1 43. Kd5 Bg3 44. Ra8 h5 45. Rxa5 h4 0-1

[Event "Miguel Najdorf Memorial 2010 Torneo B"]
[Site "Warszawa POL"]
[Date "2010.07.24"]
[Round "9.10"]
[White "Skwarczylo, Marek"]
[Black "Suliborski, Artur"]
[Result "1-0"]
[WhiteElo "1964"]
[BlackElo "1728"]
[PlyCount "111"]
[EventDate "2010.07.17"]
[EventType "swiss"]
[EventRounds "9"]
[EventCountry "POL"]
[Source "lmi"]
[SourceDate "2010.07.17"]

1. d4 Nf6 2. Nf3 g6 3. c4 Bg7 4. Nc3 O-O 5. e4 d6 6. Be2 e5 7. O-O Nc6 8. d5
Ne7 9. Ne1 Nd7 10. Nd3 f5 11. Bd2 Nf6 12. f3 h5 13. c5 f4 14. Rc1 Bd7 15. Qb3
b6 16. cxd6 cxd6 17. Nxe5 dxe5 18. d6+ Kh7 19. dxe7 Qxe7 20. Bc4 Rfd8 21. Nd5
Nxd5 22. Bxd5 Rac8 23. Bb4 Qf6 24. Qa3 Bf8 25. Bxf8 Qxf8 26. Qxa7 Qd6 27. Rfd1
Kh6 28. Qa6 Qb4 29. Qe2 Bb5 30. Qf2 Bc4 31. Bxc4 Rxc4 32. Rb1 Rcd4 33. Rxd4
Rxd4 34. a3 Qa5 35. h3 b5 36. Qc2 Qb6 37. Kh2 b4 38. axb4 Qxb4 39. Qc8 Qb5 40.
Qh8+ Kg5 41. h4+ Kxh4 42. Qf6+ g5 43. Qf5 Qd7 44. Qxe5 Rd2 45. Qf5 Qxf5 46.
exf5 Rd5 47. b4 Rxf5 48. b5 Rf8 49. b6 Rb8 50. b7 g4 51. Rb5 Rd8 52. fxg4 hxg4
53. Kg1 Kg3 54. Rb3+ f3 55. b8=Q+ Rxb8 56. Rxb8 1-0

[Event "Miguel Najdorf Memorial 2010 Torneo B"]
[Site "Warszawa POL"]
[Date "2010.07.24"]
[Round "9.11"]
[White "Prazmowski, Wlodzimierz"]
[Black "Kaniak, Justyna"]
[Result "0-1"]
[WhiteElo "1701"]
[BlackElo "1958"]
[PlyCount "80"]
[EventDate "2010.07.17"]
[EventType "swiss"]
[EventRounds "9"]
[EventCountry "POL"]
[Source "lmi"]
[SourceDate "2010.07.17"]

1. d4 Nf6 2. c4 c5 3. d5 d6 4. Nc3 g6 5. e4 Bg7 6. f4 O-O 7. Nf3 e6 8. Be2 exd5
9. cxd5 Re8 10. Nd2 Na6 11. O-O Nc7 12. a4 b6 13. Bf3 Rb8 14. Re1 Ba6 15. Nf1
Bxf1 16. Kxf1 Nd7 17. g3 a6 18. Qd3 b5 19. axb5 axb5 20. Bd2 c4 21. Qc2 Nc5 22.
Be3 Nd3 23. Re2 Ra8 24. Rb1 Qd7 25. Kg2 b4 26. Nd1 Qb5 27. b3 c3 28. Nf2 Nc5
29. Ree1 Ra3 30. Bc1 Ra5 31. Be2 Qb6 32. Be3 Nb5 33. Bxb5 Qxb5 34. Ra1 Rxa1 35.
Rxa1 Nxe4 36. Nxe4 Qxd5 37. Rd1 Qxe4+ 38. Qxe4 Rxe4 39. Kf3 Re6 40. Rd5 c2 0-1

[Event "Miguel Najdorf Memorial 2010 Torneo B"]
[Site "Warszawa POL"]
[Date "2010.07.24"]
[Round "9.12"]
[White "Wroblewski, Szymon"]
[Black "Worobiej, Daniel"]
[Result "1/2-1/2"]
[WhiteElo "1847"]
[BlackElo "1736"]
[PlyCount "74"]
[EventDate "2010.07.17"]
[EventType "swiss"]
[EventRounds "9"]
[EventCountry "POL"]
[Source "lmi"]
[SourceDate "2010.07.17"]

1. e4 c5 2. Nf3 Nc6 3. d4 cxd4 4. Nxd4 g6 5. Be3 Bg7 6. Be2 Nf6 7. Nc3 O-O 8.
O-O d5 9. exd5 Nb4 10. Qd2 Nbxd5 11. Nxd5 Nxd5 12. Bh6 Bxh6 13. Qxh6 Qb6 14.
Nb3 Bf5 15. Rad1 Be6 16. Rd4 f5 17. h4 Nf6 18. Rfd1 Rad8 19. h5 Bxb3 20. Rxd8
Rxd8 21. Rxd8+ Qxd8 22. axb3 Kf7 23. Qe3 Nxh5 24. Qxa7 Qd2 25. Bc4+ Kf6 26.
Qb6+ Qd6 27. Qxb7 Qd1+ 28. Bf1 Qxc2 29. Qb8 Qxb2 30. Qh8+ Ng7 31. Qf8+ Ke6 32.
Bc4+ Kd7 33. Qg8 Qc1+ 34. Bf1 Ne6 35. Qxh7 Nd4 36. Qxg6 Ne2+ 37. Kh2 Qxf1
1/2-1/2

[Event "Miguel Najdorf Memorial 2010 Torneo B"]
[Site "Warszawa POL"]
[Date "2010.07.24"]
[Round "9.13"]
[White "Kowalik, Pawel"]
[Black "Harazinska, Ewa"]
[Result "0-1"]
[WhiteElo "1807"]
[BlackElo "1719"]
[PlyCount "126"]
[EventDate "2010.07.17"]
[EventType "swiss"]
[EventRounds "9"]
[EventCountry "POL"]
[Source "lmi"]
[SourceDate "2010.07.17"]

1. d4 Nf6 2. Bg5 g6 3. c4 Bg7 4. g3 c5 5. Nf3 cxd4 6. Nxd4 Nc6 7. Nxc6 bxc6 8.
Bg2 O-O 9. Nc3 h6 10. Be3 Bb7 11. O-O d5 12. Qb3 Qd7 13. Rfd1 e6 14. Bd4 Ba6
15. Qa4 Bc8 16. e4 Qc7 17. exd5 cxd5 18. cxd5 Bd7 19. Qa3 Nxd5 20. Nxd5 exd5
21. Bxg7 Kxg7 22. Bxd5 Rac8 23. Qd3 Qe5 24. Qd2 Bf5 25. Qd4 Qxd4 26. Rxd4 Rc2
27. b4 Re8 28. Bf3 Rc3 29. Kg2 Ra3 30. Rd2 Be6 31. Rb1 Rb8 32. Rbb2 Ra4 33. b5
Rb6 34. Bd1 Ra3 35. Bf3 a6 36. Be2 axb5 37. Bxb5 Ra5 38. a4 Ra7 39. f3 Rab7 40.
Rbc2 Bb3 41. Rc3 Be6 42. Rdc2 Bf5 43. Rc1 Rd6 44. g4 Rd2+ 45. Kg3 Bd7 46. Rc7
Rxc7 47. Rxc7 Be6 48. Rc3 Ra2 49. h4 Kf6 50. Kf4 Bd5 51. Rd3 Be6 52. g5+ hxg5+
53. hxg5+ Ke7 54. Ke5 Rg2 55. f4 Rc2 56. Kd4 Rf2 57. Ke3 Ra2 58. Rd4 Bf5 59.
Rb4 Kd6 60. Kd4 Rd2+ 61. Kc3 Rc2+ 62. Kb3 Rf2 63. Rc4 Be6 0-1

[Event "Miguel Najdorf Memorial 2010 Torneo B"]
[Site "Warszawa POL"]
[Date "2010.07.24"]
[Round "9.14"]
[White "Prominski, Piotr"]
[Black "Winiarski, Mikolaj"]
[Result "1-0"]
[WhiteElo "1795"]
[BlackElo "1681"]
[PlyCount "75"]
[EventDate "2010.07.17"]
[EventType "swiss"]
[EventRounds "9"]
[EventCountry "POL"]
[Source "lmi"]
[SourceDate "2010.07.17"]

1. e4 c5 2. Nf3 Nc6 3. d4 cxd4 4. Nxd4 Nf6 5. Nc3 e6 6. Ndb5 d6 7. Bf4 e5 8.
Bg5 a6 9. Na3 b5 10. Nd5 Be7 11. Bxf6 Bxf6 12. Nxf6+ Qxf6 13. c4 b4 14. Nc2 O-O
15. Bd3 Qg6 16. O-O Be6 17. Qd2 Rac8 18. b3 h6 19. Rfe1 a5 20. Rad1 Rfd8 21. f4
exf4 22. Qxf4 Ne5 23. Be2 Qg5 24. Qxg5 hxg5 25. Nd4 Kf8 26. Rd2 Ke7 27. Red1
Rc7 28. h3 Rc5 29. Nb5 Rc6 30. g4 a4 31. Kf2 g6 32. Ke3 a3 33. Bf1 Rd7 34. Be2
Rd8 35. Na7 Rc7 36. Nb5 Rc6 37. Kf2 Rc7 38. Nxc7 1-0

[Event "Miguel Najdorf Memorial 2010 Torneo B"]
[Site "Warszawa POL"]
[Date "2010.07.24"]
[Round "9.15"]
[White "Szewczyk, Mariusz"]
[Black "Pastuszko, Kinga"]
[Result "1-0"]
[WhiteElo "1743"]
[BlackElo "1781"]
[PlyCount "123"]
[EventDate "2010.07.17"]
[EventType "swiss"]
[EventRounds "9"]
[EventCountry "POL"]
[Source "lmi"]
[SourceDate "2010.07.17"]

1. e4 e5 2. Nf3 Nc6 3. Bc4 Nf6 4. d3 Bc5 5. Bg5 d6 6. Nc3 Be6 7. Bd5 h6 8. Bh4
g5 9. Bg3 Bxd5 10. Nxd5 Nxd5 11. exd5 Ne7 12. c4 Bb4+ 13. Nd2 Bxd2+ 14. Qxd2
Nf5 15. O-O-O Qf6 16. f3 c5 17. dxc6 bxc6 18. Rde1 Kd7 19. Qc3 Nd4 20. c5 Rhe8
21. cxd6 Qxd6 22. Re4 f6 23. h4 Rab8 24. hxg5 Rb5 25. Qxd4 Qxd4 26. Rxd4+ exd4
27. gxh6 Rh8 28. Bf4 Rf5 29. g3 Ke6 30. Re1+ Kf7 31. Re4 c5 32. Kc2 Rh5 33. Re2
Re8 34. Rxe8 Kxe8 35. g4 Rh3 36. Bd6 Rxh6 37. Bxc5 Rh2+ 38. Kc1 Rh1+ 39. Kc2
Rh2+ 40. Kb3 Rd2 41. Kc4 Rxb2 42. Bxa7 Rxa2 43. Bxd4 Kf7 44. Be3 Ke6 45. f4 Rg2
46. g5 fxg5 47. fxg5 Kd6 48. Bf4+ Kc6 49. Kd4 Re2 50. Be3 Kd6 51. Ke4 Re1 52.
d4 Rf1 53. Bf4+ Ke6 54. d5+ Kd7 55. Kf5 Ke7 56. g6 Kf8 57. d6 Kg7 58. d7 Rd1
59. Be5+ Kh6 60. g7 Rxd7 61. g8=Q Rf7+ 62. Ke6 1-0